000 00497nam a2200181Ia 4500
008 240729s9999 xx 000 0 und d
022 _a1465-993X
245 0 _aRespiratory Research
260 _aUnited Kingdom
260 _bBMC
650 _a Diseases of the respiratory system
650 _a Internal medicine
650 _a Specialties of internal medicine
650 _aMedicine
856 _uhttps://doaj.org/toc/ed496253991b498583da775c64a7c37d
942 _2ddc
942 _cDOAJEJ
999 _c74011
_d74011
945 _a1
_bMadushi Gamage
_c1
_dMadushi Gamage